| 000 | 00739nam a2200205 a 4500 | ||
|---|---|---|---|
| 001 | BRCA_1973 | ||
| 005 | 20190320203624.0 | ||
| 008 | 010903s1984 sp-#---###---#000-0#spa-d | ||
| 020 | _a8433006436 | ||
| 050 | 4 |
_aBS299 _b.B53 1984 |
|
| 245 | 1 | 0 |
_aBiblia de Jerusalén _bedición pastoral con guía de lectura _cnuevas introducciones de J. P. Bagot. |
| 260 |
_aBilbao _bDesclée de Brouwer _c1984 |
||
| 300 |
_axliii, 1927 p. _c18 cm. |
||
| 500 | _aIncluye índice analítico, resúmen cronológico y notas doctrinales | ||
| 500 | _aEdición conmemorativa V Centenario de Evangelización en América Latina. Consejo Episcopal Latinoamericano | ||
| 630 | 0 | 4 |
_aBiblia _96059 |
| 700 | 1 |
_aBagot, J. P _96060 |
|
| 902 | _aREF | ||
| 942 |
_2lcc _cB |
||
| 999 |
_c1742 _d1742 |
||